Statistics for An "M" team of World Cup winners for Messi

Click here to take the quiz!

General Stats

  • This quiz has been taken 49 times
  • The average score is 7 of 12

Answer Stats

PositionWinner withPlayer% Correct
ForwardGermany '74superb finisherMuller (Gerd)
93%
MidfieldGermany '14versatile player, we'll put him in midfieldMuller (Thomas)
93%
PlaymakerArgentina '86"God"Maradona
89%
ForwardFrance '18explosive speed and strengthMbappe
87%
"False 9"....type "Messi", in the position he plays in Barca quite oftenMessi
78%
DefenderEngland '66captain, the one that lifted the trophy in '66Moore
65%
DefenderItaly '06can score headers...Materazzi
50%
MidfieldGermany '90experience... (played in 5 World Cups)Matthaus
46%
GoalkeeperGermany '74a keeper to give "a sense of calm", as he saysMaier
22%
CoachArgentina '78ideal for our attacking teamMenotti
15%
Midfield (defensive)Brazil '94balancing this quite attacking teamMazinho
11%
DefenderBrazil '94hoping there'll be no penalties, he missed one in the finalMarcio Santos
4%

Score Distribution

Percentile by Number Answered

Percent of People with Each Score

Your Score History

You have not taken this quiz